| 000 | 01260nam a2200193 a 4500 | ||
|---|---|---|---|
| 008 | 120416s1979 xx |||||||||||||| || u | ||
| 050 | _aTH 145 Kin | ||
| 100 | _aKing, Harold | ||
| 245 | 1 | 0 |
_aComponents _crevised by Derek Osbourn |
| 260 | _c1979 | ||
| 350 | _a0.00 | ||
| 500 | _a24 copies in SBE LIBRARY | ||
| 995 |
_aTEXTBOOKS (SBE) _D0.00 _e5247 _FCBU-SCHOOL TEXTBOOK COLLECTIONS _H1 _I0.00 _jSCHOOL TEXTBOOK _M3 _UAVAILABLE _WSep 2, 2009 _y5247 _ZSchool Collections |
||
| 995 |
_aMAIN LIBRARY OPEN ACCESS _D0.00 _e015034 _FCBU-MAIN LIBRARY (Kitwe) _H1 _I5.95 _jTH 145 Kin _UAVAILABLE _y015034 _ZMain Library Open Access Collection |
||
| 995 |
_aTEXTBOOKS (SBE) _D0.00 _e5250 _FCBU-SCHOOL TEXTBOOK COLLECTIONS _H1 _I0.00 _jSCHOOL TEXTBOOK _M6 _UAVAILABLE _WSep 2, 2009 _y5250 _ZSchool Collections |
||
| 995 |
_aTEXTBOOKS (SBE) _D0.00 _e5246 _FCBU-SCHOOL TEXTBOOK COLLECTIONS _H1 _I0.00 _jSCHOOL TEXTBOOK _M2 _UAVAILABLE _WSep 2, 2009 _y5246 _ZMain Library Open Access Collection |
||
| 995 |
_aTEXTBOOKS (SBE) _D0.00 _e5249 _FCBU-SCHOOL TEXTBOOK COLLECTIONS _H1 _I0.00 _jSCHOOL TEXTBOOK _M5 _UAVAILABLE _WSep 2, 2009 _y5249 _ZSchool Collections |
||
| 995 |
_aTEXTBOOKS (SBE) _D0.00 _e5248 _FCBU-SCHOOL TEXTBOOK COLLECTIONS _H1 _I0.00 _jSCHOOL TEXTBOOK _M4 _UAVAILABLE _WSep 2, 2009 _y5248 _ZSchool Collections |
||
| 999 |
_c79618 _d79618 |
||